| 000 | 00000nam##2200000za#4500 |
| 001 | 9.633403 |
| 003 | CaOODSP |
| 005 | 20220107103925 |
| 007 | cr ||||||||||| |
| 008 | 150407|2006||||xxc|||||o f|0| 0 fre|d |
| 020 | |a0-662-72911-0 |
| 040 | |aCaOODSP|bfre |
| 043 | |an-cn--- |
| 086 | 1 |aHP40-11/2006F-PDF |
| 110 | 2 |aCentre de prévention et de contrôle des maladies infectieuses (Canada) |
| 245 | 10|aPoints saillants du Plan canadien de lutte contre la pandémie d'influenza pour le secteur de la santé : |h[ressource électronique]|bpréparation à une pandémie d'influenza : perspective canadienne de la santé |
| 260 | |aOttawa - Ontario : |bAgence de santé publique du Canada. |c2006. |
| 300 | |a20p.|btableau |
| 590 | |a07-16|b2007-04-20 |
| 691 | 07|aGrippe|2gcpds |
| 775 | 08|tHighlights from the Canadian Pandemic Influenza Plan for the health sector : |w(CaOODSP)9.688983 |
| 776 | 0#|tHighlights from the Canadian Pandemic Influenza Plan for the health sector : |w(CaOODSP)9.668117 |
| 776 | 0#|tPoints saillants du Plan canadien de lutte contre la pandémie d'influenza pour le secteur de la santé : |w(CaOODSP)9.668118 |
| 856 | 40|ahttp://publications.gc.ca|qPDF|s2858 Ko|uhttps://publications.gc.ca/collections/Collection/HP40-11-2006F.pdf |